The Friday Multiple Choice Quiz (General Knowledge) #6 - Statistics

General Stats
  • This quiz has been taken 53 times
  • The average score is 5 of 10
Answer Stats
Question Answer % Correct
From which Shakespeare play do these lines come: "All the world's a stage, and all the men and women merely players" As You Like It
63%
Americans know this vegetable as Rutabaga. What do we call it in the UK? Swede
59%
Which popular female British author passed away aged 88 on 5th October this year (2025) ? Jilly Cooper
55%
Acoording to accounts in the Jewish holy book the Talmud, who was Adam's first wife? Lilith
53%
Complete this song title by the Hollies: King Midas In... Reverse
47%
Who is the only driver to have won World Championships in both motor racing, and motor cycling? John Surtees
45%
John Densmore, Robby Krieger and Ray Manzarek were members of which 60's rock group? Doors
41%
Salisbury Cathedral has the tallest spire in England. How tall is it? 404 Feet (123m)
35%
What is a lychgate? A porch like gateway at the entrance to an old English churchyard
35%
Which actor, who starred in 'Down and out In Beverly Hills, was voted sexiest man alive in 1992? Nick Nolte
33%
No matching quizzes found
Score Distribution
Percent of People with Each Score
Percentile by Number Answered
Your Score History
You have not taken this quiz